| 000 | 00415aam a2200169 4500 | ||
|---|---|---|---|
| 005 | 20170111145330.0 | ||
| 008 | 150727b xxu||||| |||| 00| 0 spa d | ||
| 041 | _aInglés | ||
| 082 | _a428 S972p | ||
| 100 |
_aSwan, Michael _936205 |
||
| 245 | _aPractical english usage | ||
| 260 |
_aInglaterra _bOxford _c2005 |
||
| 300 | _a658 páginas | ||
| 650 |
_aINGLÉS _92062 |
||
| 650 |
_a ENSEÑANZA _9236 |
||
| 942 | _cBK | ||
| 999 |
_c8722 _d8722 |
||